[Event "Bayamon Rio Hondo op 6th"]
[Site "Bayamon"]
[Date "2021.07.25"]
[Round "2"]
[White "Valentin Polanco, Jose M"]
[Black "Burgos Rodriguez, Edison"]
[Result "0-1"]
[WhiteElo "1449"]
[BlackElo "1743"]
[PlyCount "74"]
[EventDate "2021.07.24"]
[EventType "swiss"]
[EventRounds "7"]
[EventCountry "PUR"]
[SourceTitle "EXT 2022"]
[Source "ChessBase"]
[SourceDate "2021.10.06"]
[SourceVersion "1"]
[SourceVersionDate "2021.10.06"]
[SourceQuality "1"]

1. d4 f5 2. e3 Nf6 3. Bd3 e6 4. Nd2 d5 5. Ngf3 Bd6 6. h4 c6 7. Ne5 Nbd7 8. f4 Qe7 9. Nf1 0-0 10. Qe2 c5 11. c3 Ne4 12. Bd2 Ndf6 13. 0-0-0 Qc7 14. Be1 cxd4 15. exd4 Bd7 16. Kb1 b5 17. Ne3 Rab8 18. g4 fxg4 19. N3xg4 Nxg4 20. Qxg4 b4 21. Rg1 Bxe5 22. dxe5 Rf7 23. c4 Nc5 24. Bc2 dxc4 25. Qh5 b3 26. Bxh7+ Kf8 27. axb3 Rxb3 28. Bg6 Rxb2+ 29. Kxb2 Qb6+ 30. Kc2 Ba4+ 31. Kd2 Rd7+ 32. Ke3 Nd3+ 33. Ke2 Bxd1+ 34. Kxd1 Nxf4+ 35. Kc2 Nxh5 36. Rf1+ Nf6 37. exf6 Qb3+ 0-1